LDR 00797naa#a2200169#i#450# 001 EN\\bibl\118694 005 20260514234305.4 011 ## _a1994-4683 100 ## _a20230428b2023####ek#y0engy0150####ca 102 ## _aRU 200 1# _aON THE NEED IN REVISION THE APPROACHES TO THE ORGANIZATION OF TRAINING TO FIGHTING TECHNIQUES IN EDUCATIONAL INSTITUTIONS OF THE FEDERAL PENITENTIARY SERVICE OF RUSSIA WITHIN THE FORMATION OFPROFESSIONAL SPORTS CULTURE OF THE PERSON _eJournal article 210 1# _aMoscow _cNational State University of Physical Education, Sports and Health named after P.F. Lesgaft _d2023 215 ## _a4 с. 608 ## _aJournal article _2local 675 ## _aМетоды обучения. Формы преподавания. 378.147 _z 700 #1 _aZvyagintsev _gM V 856 4# _auchzapiski.lesgaft.spb.ru _u